000 00361nam a22001577a 4500
003 CEME
005 20210628201953.0
008 210415b xxu||||| |||| 00| 0 eng d
040 _c.
082 _a539.7 GLA,C
100 _aGlasstone, S
_957658
245 _aControlled nuclear fusion
260 _aUSA
_bAEC
_c1968
300 _a50P
942 _cBK
_2ddc
999 _c567929
_d567929